000 00891nac a22001691u 4500
008 080922s1975 xxu||||| |||| 00| 0 ara d
082 _a303
_bع ل و
245 _aمعجم العلوم الاجتماعية /
_cتصدير ومراجعة إبراهيم مدكور ؛ إعداد نخبة من الاساتذة المصريين والعرب المتخصصين
260 _aالقاهرة :
_bالهيئة المصرية العامة للكتاب ،1975
_c1975.
300 _a702 ص ؛
_c32 سم.
511 _aCatalogued by: Sara
650 _aالعلوم الإجتماعية
_920704
_vمعاجم
700 _aمدكور ، إبراهيم
_920703
_eتصدير ومراجعة
710 _aUNISCO
_920706
942 _cBB
_k303ع ل و
_2ddc
999 _c8031
_d8031